[Event "BL 0304 SK König Plauen - Bremer SG"]
[Site "?"]
[Date "2004.03.06"]
[Round "10.2"]
[White "Espig, Lutz"]
[Black "Bacrot, Etienne"]
[Result "1/2-1/2"]
[WhiteElo "2429"]
[BlackElo "2664"]
[PlyCount "63"]
[EventDate "2004.??.??"]

1. Nf3 d6 2. d4 Bg4 3. c4 g6 4. Nc3 Bg7 5. e3 Nf6 6. Be2 O-O 7. O-O c6 8. h3
Bf5 9. d5 Ne4 10. Nxe4 Bxe4 11. Nd2 Bf5 12. e4 Bd7 13. Rb1 cxd5 14. cxd5 Na6
15. b4 Qc7 16. Bb2 Bxb2 17. Rxb2 Qc3 18. Nc4 Rfc8 19. Rb3 Qg7 20. Qd2 Rc7 21.
Na5 Rac8 22. Nxb7 Nb8 23. Na5 Rc2 24. Qe3 Rxa2 25. Bd3 Rc7 26. Rbb1 Ra3 27.
Rfc1 Rac3 28. Rxc3 Qxc3 29. Rb3 Qa1+ 30. Rb1 Qc3 31. Rb3 Qa1+ 32. Rb1 1/2-1/2

[Event "BL 0304 SK König Plauen - Bremer SG"]
[Site "?"]
[Date "2004.03.06"]
[Round "10.3"]
[White "Agrest, Evgenij"]
[Black "Priehoda, Viteslav"]
[Result "1-0"]
[WhiteElo "2605"]
[BlackElo "2372"]
[PlyCount "65"]
[EventDate "2004.??.??"]

1. Nf3 d6 2. d4 Bg4 3. c4 c6 4. Qb3 Qb6 5. Nc3 Nf6 6. Be3 Nbd7 7. Nd2 d5 8. f3
Be6 9. c5 Qc7 10. Bf2 Nxc5 11. dxc5 d4 12. Nc4 dxc3 13. Qxc3 Bxc4 14. Qxc4 e5
15. g3 Be7 16. Bh3 O-O 17. O-O h5 18. Rab1 Rab8 19. e4 g6 20. Be3 Nh7 21. f4
Bf6 22. a4 Kg7 23. Rbd1 Rbd8 24. Rd6 Rxd6 25. cxd6 Qxd6 26. Bc5 Qb8 27. Bxf8+
Qxf8 28. Rd1 exf4 29. gxf4 g5 30. e5 Bd8 31. f5 g4 32. Bg2 Bg5 33. Rd7 1-0

[Event "BL 0304 SK König Plauen - Bremer SG"]
[Site "?"]
[Date "2004.03.06"]
[Round "10.4"]
[White "Sandner, Gunter"]
[Black "Baburin, Alexander"]
[Result "0-1"]
[WhiteElo "2311"]
[BlackElo "2541"]
[PlyCount "62"]
[EventDate "2004.??.??"]

1. Nf3 d5 2. d4 Nf6 3. c4 dxc4 4. Qa4+ c6 5. Qxc4 Bf5 6. Nc3 e6 7. Nh4 b5 8.
Qb3 Qxd4 9. Nxf5 exf5 10. Be3 Qe5 11. g3 Bc5 12. Bxc5 Qxc5 13. Bg2 Nbd7 14. O-O
O-O 15. Rac1 Rac8 16. Rfd1 Qe7 17. Bxc6 Rxc6 18. Nd5 Nxd5 19. Rxc6 Ne5 20. Rcc1
Nf6 21. Qxb5 Re8 22. a4 h5 23. Rd4 Neg4 24. Qxf5 Qxe2 25. Rc8 Rxc8 26. Qxc8+
Kh7 27. Qf5+ g6 28. Qf4 Kg7 29. b4 Ne5 30. Rd6 Nf3+ 31. Kg2 Ne4 0-1

[Event "BL 0304 SK König Plauen - Bremer SG"]
[Site "?"]
[Date "2004.03.06"]
[Round "10.5"]
[White "Fish, Gannadij"]
[Black "Haskamp, Stefan"]
[Result "1-0"]
[WhiteElo "2509"]
[BlackElo "2308"]
[PlyCount "43"]
[EventDate "2004.??.??"]

1. d4 d6 2. Nf3 g6 3. c4 Bg7 4. Nc3 Nd7 5. e4 e6 6. Bg5 Ne7 7. Qd2 h6 8. Be3 d5
9. Bd3 dxe4 10. Bxe4 Nf6 11. Bc2 Nf5 12. Bf4 g5 13. Be5 O-O 14. h3 b6 15. O-O-O
Ba6 16. Qd3 Re8 17. g4 Nd6 18. b3 Kf8 19. h4 Nxg4 20. Bxg7+ Kxg7 21. Qh7+ Kf8
22. Ne5 1-0

[Event "BL 0304 SK König Plauen - Bremer SG"]
[Site "?"]
[Date "2004.03.06"]
[Round "10.6"]
[White "Kuraszkiewicz, Michael"]
[Black "Gisbrecht, Ewgeni"]
[Result "1/2-1/2"]
[WhiteElo "2304"]
[BlackElo "2441"]
[PlyCount "126"]
[EventDate "2004.??.??"]

1. d4 d5 2. c4 c6 3. Nc3 Nf6 4. cxd5 cxd5 5. Bf4 a6 6. e3 Nc6 7. Rc1 Bf5 8. Nf3
Rc8 9. Bd3 Bxd3 10. Qxd3 e6 11. O-O Be7 12. Ne5 O-O 13. Nxc6 Rxc6 14. Ne2 Qb6
15. Rxc6 bxc6 16. b3 Rc8 17. Nc3 Nd7 18. Na4 Qb5 19. Qb1 h6 20. h3 Nb6 21. Nxb6
Qxb6 22. Rc1 Qb5 23. Be5 Ba3 24. Rc3 Bb4 25. Rc1 Ba3 26. Rc3 Bb4 27. Rc1 Qe2
28. Qc2 Qxc2 29. Rxc2 f6 30. Bg3 Kf7 31. Kf1 Ke8 32. f3 Kd7 33. Ke2 h5 34. e4
Re8 35. Kd3 Rg8 36. Rc1 Ba3 37. Rh1 Rc8 38. Bf2 Bd6 39. g4 Rh8 40. Be3 hxg4 41.
fxg4 Bg3 42. Bd2 g6 43. Ke3 Bc7 44. Kf3 dxe4+ 45. Kxe4 f5+ 46. Kf3 Bb6 47. Bc3
Rh7 48. h4 Bd8 49. h5 fxg4+ 50. Kxg4 gxh5+ 51. Rxh5 Rxh5 52. Kxh5 Kd6 53. Kg6
Kd5 54. Kf7 Bb6 55. Ke7 c5 56. dxc5 Bxc5+ 57. Kd7 Bd6 58. a4 e5 59. Be1 e4 60.
b4 Bf4 61. b5 axb5 62. axb5 Kc5 63. Ke6 Kxb5 1/2-1/2

[Event "BL 0304 SK König Plauen - Bremer SG"]
[Site "?"]
[Date "2004.03.06"]
[Round "10.7"]
[White "Breutigam, Martin"]
[Black "Dirr, Ulrich"]
[Result "1-0"]
[WhiteElo "2409"]
[BlackElo "2299"]
[PlyCount "111"]
[EventDate "2004.??.??"]

1. Nf3 f5 2. d3 d6 3. e4 e5 4. Nc3 Nc6 5. exf5 Bxf5 6. d4 exd4 7. Nxd4 Nxd4 8.
Qxd4 c6 9. Bf4 Qf6 10. Qd2 h6 11. Be2 d5 12. O-O Bd6 13. Bh5+ g6 14. Rfe1+ Kf8
15. Bf3 Rh7 16. Bxd6+ Qxd6 17. Ne4 Bxe4 18. Rxe4 Rd8 19. Re2 Re7 20. Rxe7 Qxe7
21. Re1 Qd6 22. h4 Rd7 23. c3 Qf6 24. Bg4 Re7 25. Rxe7 Qxe7 26. g3 b6 27. Bd1
Kg7 28. Bc2 Nf6 29. Kg2 Nd7 30. c4 Qd6 31. cxd5 cxd5 32. Qd4+ Qe5 33. Qd3 Qe6
34. h5 Ne5 35. Qd4 g5 36. Bb3 g4 37. Bxd5 Qf5 38. Bc4 Qxh5 39. Qd5 Qh3+ 40. Kg1
Qh5 41. Qb7+ Qf7 42. Qb8 Qe7 43. Bd5 Kf6 44. Qh8+ Qg7 45. Qc8 Qe7 46. Kg2 Kg7
47. b4 Qd6 48. Qg8+ Kf6 49. a3 a5 50. bxa5 bxa5 51. a4 Ke7 52. Qg7+ Kd8 53. Qb7
Qc7 54. Qa8+ Ke7 55. Qa6 Qc5 56. Qe6+ 1-0

[Event "BL 0304 SK König Plauen - Bremer SG"]
[Site "?"]
[Date "2004.03.06"]
[Round "10.8"]
[White "Espig, Thomas"]
[Black "Borik, Otto"]
[Result "0-1"]
[WhiteElo "2300"]
[BlackElo "2429"]
[PlyCount "84"]
[EventDate "2004.??.??"]

1. g3 d5 2. Bg2 Nf6 3. d3 e5 4. Nd2 Bc5 5. e3 Nc6 6. Ne2 Be6 7. a3 Bb6 8. b3
Qd7 9. h3 O-O 10. Bb2 Rfe8 11. g4 h5 12. gxh5 Nxh5 13. Nf1 d4 14. Qd2 dxe3 15.
fxe3 Bd5 16. Nc3 Bxg2 17. Qxg2 Re6 18. Qf3 Rh6 19. O-O-O Re8 20. Rd2 Ree6 21.
Ne4 Reg6 22. Rf2 Nf6 23. Rg2 Rxg2 24. Qxg2 Nxe4 25. Qxe4 Rxh3 26. Rg1 Rh5 27.
Kb1 Qf5 28. Qg2 Qg6 29. Ng3 Bxe3 30. Nxh5 Bxg1 31. Qh3 f5 32. Qh1 Bb6 33. Ka2
Qf7 34. Qh4 f4 35. Qg4 g6 36. Nxf4 Qxf4 37. Qxg6+ Kf8 38. Bc1 Qxc1 39. Qf6+ Ke8
40. Qg6+ Ke7 41. Qg7+ Ke6 42. Qg6+ Kd7 0-1

[Event "BL 0304 SV Wattenscheid - SC Kreuzberg"]
[Site "?"]
[Date "2004.03.07"]
[Round "10.1"]
[White "Almasi, Zoltan"]
[Black "Nielsen, Peter-Heine"]
[Result "0-1"]
[WhiteElo "2631"]
[BlackElo "2626"]
[PlyCount "86"]
[EventDate "2004.??.??"]

1. e4 c5 2. Nf3 Nc6 3. d4 cxd4 4. Nxd4 Nf6 5. Nc3 e5 6. Ndb5 d6 7. Bg5 a6 8.
Na3 b5 9. Nd5 Be7 10. Bxf6 Bxf6 11. c3 O-O 12. Nc2 Bg5 13. Be2 Ne7 14. Ncb4 a5
15. Nxe7+ Qxe7 16. Nd5 Qb7 17. Qd3 Rb8 18. O-O Be6 19. Rfd1 Rfc8 20. a3 h6 21.
g3 Bd8 22. h4 Rc5 23. b4 Rc6 24. Rac1 Kh8 25. Kg2 Kg8 26. Bf3 Qc8 27. bxa5 Bxd5
28. Qxd5 Bxa5 29. Bh5 Rb7 30. c4 Rbc7 31. Qxb5 Bb6 32. Qd5 Bd4 33. Rd3 g6 34.
Bxg6 Rc5 35. Bf5 Qa6 36. Rxd4 exd4 37. Qxd4 Rxc4 38. Rxc4 Rxc4 39. Qf6 Rc1 40.
Qb2 Qf1+ 41. Kf3 Qd1+ 42. Kf4 Rc2 43. Qb6 Rc3 0-1

[Event "BL 0304 SV Wattenscheid - SC Kreuzberg"]
[Site "?"]
[Date "2004.03.07"]
[Round "10.2"]
[White "Johannessen, Leif Erlend"]
[Black "Nisipeanu, Liviu-Dieter"]
[Result "1/2-1/2"]
[WhiteElo "2495"]
[BlackElo "2675"]
[PlyCount "105"]
[EventDate "2004.??.??"]

1. d4 Nf6 2. c4 e6 3. Nc3 Bb4 4. Nf3 b6 5. Bg5 Bb7 6. Nd2 h6 7. Bh4 c5 8. a3
cxd4 9. axb4 dxc3 10. bxc3 O-O 11. e4 d6 12. Bd3 Nbd7 13. f4 e5 14. f5 a5 15.
O-O Qc7 16. Qe2 axb4 17. cxb4 Rxa1 18. Rxa1 Ra8 19. Qd1 Qb8 20. h3 Bc6 21. Bf2
Qb7 22. Rxa8+ Qxa8 23. Qb1 Kf8 24. Kh2 Ke7 25. Be3 Qa3 26. Bf2 Qa8 27. Be3 Kd8
28. c5 bxc5 29. bxc5 d5 30. exd5 Nxd5 31. Bf2 Nf4 32. Be4 Bxe4 33. Qxe4 Qxe4
34. Nxe4 Nd3 35. Be3 Kc7 36. Nd6 N7xc5 37. Nxf7 Ne4 38. g4 Kd7 39. g5 hxg5 40.
Nxg5 Nd6 41. Kg2 Nxf5 42. Bd2 Kd6 43. Kf3 Kd5 44. Kg4 Nd6 45. h4 Nc4 46. Bc3
Ne3+ 47. Kf3 Nf5 48. Kg4 Nh6+ 49. Kf3 g6 50. Ne4 Ng8 51. Bd2 Nb2 52. Bg5 Nc4
53. Ng3 1/2-1/2

[Event "BL 0304 SV Wattenscheid - SC Kreuzberg"]
[Site "?"]
[Date "2004.03.07"]
[Round "10.3"]
[White "Maiwald, Jens-Uwe"]
[Black "Appel, Ralf"]
[Result "0-1"]
[WhiteElo "2543"]
[BlackElo "2513"]
[PlyCount "54"]
[EventDate "2004.??.??"]

1. e4 Nf6 2. d3 d5 3. Nd2 c5 4. Ngf3 Nc6 5. g3 e6 6. Bg2 Be7 7. O-O O-O 8. Re1
b5 9. e5 Nd7 10. Nf1 Qc7 11. Bf4 Nb6 12. h4 d4 13. N1h2 Nd5 14. Bg5 Bb7 15. Ng4
Rad8 16. Re4 Kh8 17. Bd2 c4 18. Ng5 c3 19. bxc3 Nxc3 20. Bxc3 dxc3 21. Nf6 h6
22. Qh5 Nxe5 23. Rxe5 Bxf6 24. Rxb5 Bxg2 25. Kxg2 Bxg5 26. Rxg5 Qb7+ 27. Kg1
Qb2 0-1

[Event "BL 0304 SV Wattenscheid - SC Kreuzberg"]
[Site "?"]
[Date "2004.03.07"]
[Round "10.4"]
[White "Holzke, Frank Dr"]
[Black "Tischbierek, Raj"]
[Result "1/2-1/2"]
[WhiteElo "2471"]
[BlackElo "2519"]
[PlyCount "62"]
[EventDate "2004.??.??"]

1. e4 c5 2. Nf3 d6 3. d4 cxd4 4. Nxd4 Nf6 5. Nc3 e6 6. Be2 a6 7. O-O Qc7 8. f4
Be7 9. Kh1 O-O 10. Qe1 Nc6 11. Be3 Nxd4 12. Bxd4 b5 13. a3 Bb7 14. Qg3 Bc6 15.
Rae1 Qb7 16. Bd3 b4 17. Nd1 bxa3 18. bxa3 g6 19. Nf2 Nh5 20. Qe3 f6 21. Bc4 Ng7
22. Ng4 Kh8 23. Rb1 Qc8 24. e5 dxe5 25. fxe5 f5 26. Nf6 Ne8 27. Qb3 Nxf6 28.
exf6 Bxf6 29. Bxe6 Qc7 30. Bxf6+ Rxf6 31. Bd5 Bxd5 1/2-1/2

[Event "BL 0304 SV Wattenscheid - SC Kreuzberg"]
[Site "?"]
[Date "2004.03.07"]
[Round "10.5"]
[White "Lau, Ralf"]
[Black "Dinstuhl, Volkmar Dr"]
[Result "1-0"]
[WhiteElo "2503"]
[BlackElo "2439"]
[PlyCount "91"]
[EventDate "2004.??.??"]

1. e4 c5 2. Nc3 Nc6 3. Bb5 Nd4 4. Bc4 g6 5. Nf3 Bg7 6. O-O d6 7. Nxd4 cxd4 8.
Ne2 Nf6 9. d3 d5 10. exd5 Nxd5 11. Re1 O-O 12. Bg5 h6 13. Bh4 Be6 14. Qd2 Qd7
15. Bg3 Rac8 16. Bb3 Kh7 17. Kh1 Nc7 18. Ng1 Bxb3 19. axb3 Nb5 20. Nf3 f6 21.
Qd1 e5 22. Nd2 Rfe8 23. Nc4 Re6 24. f4 exf4 25. Rxe6 Qxe6 26. Bxf4 g5 27. Bg3
f5 28. Qf3 f4 29. Qxb7 fxg3 30. Qxb5 Rf8 31. Qb7 Rf2 32. hxg3 Rxc2 33. Rxa7 Qg6
34. g4 Qf6 35. Qe4+ Kg8 36. Qd5+ Kh8 37. Ra8+ Kh7 38. Qg8+ Kg6 39. Ne5+ Qxe5
40. Ra6+ Qf6 41. Qe8+ Kh7 42. Qe4+ Kh8 43. Rxf6 Bxf6 44. b4 Rxb2 45. b5 Kg7 46.
Qe6 1-0

[Event "BL 0304 SV Wattenscheid - SC Kreuzberg"]
[Site "?"]
[Date "2004.03.07"]
[Round "10.6"]
[White "Ellers, Holger"]
[Black "Kalinitschew, Sergey"]
[Result "1/2-1/2"]
[WhiteElo "2402"]
[BlackElo "2519"]
[PlyCount "140"]
[EventDate "2004.??.??"]

1. d4 Nf6 2. c4 e6 3. Nc3 Bb4 4. Qc2 O-O 5. a3 Bxc3+ 6. Qxc3 b6 7. Bg5 Bb7 8.
f3 d5 9. e3 Nbd7 10. cxd5 exd5 11. Nh3 Re8 12. Bb5 c6 13. Ba4 h6 14. Bxf6 Qxf6
15. O-O Re7 16. e4 Rc8 17. e5 Qh4 18. f4 c5 19. Bxd7 Rxd7 20. Rad1 cxd4 21.
Qxd4 Rc2 22. Rf2 Rdc7 23. f5 Qxd4 24. Rxd4 Rc1+ 25. Rf1 Rxf1+ 26. Kxf1 Re7 27.
Nf4 Rxe5 28. g4 Kf8 29. Kf2 Ke7 30. Ra4 a5 31. Rd4 Kd6 32. b4 Bc6 33. Ne2 Bb5
34. Nc3 Bc4 35. h3 axb4 36. axb4 Re8 37. Rd1 Ra8 38. Ke3 Ke5 39. Re1 Ra3 40.
Kd2+ Kd4 41. Re3 Ra1 42. Re7 Rh1 43. Ne2+ Bxe2 44. Kxe2 f6 45. Rxg7 Rxh3 46.
Rb7 h5 47. gxh5 Rxh5 48. Rxb6 Rxf5 49. Rc6 Re5+ 50. Kd2 f5 51. b5 Re8 52. b6
Rb8 53. Ke2 f4 54. Kf3 Ke5 55. Rh6 Rb7 56. Rg6 Rh7 57. Rg5+ Kd4 58. Kxf4 Rb7
59. Rg6 Rf7+ 60. Kg3 Kc5 61. Rg5 Kc4 62. Rg6 Kc5 63. Rg5 Rb7 64. Kf3 Rxb6 65.
Ke2 Kc4 66. Rg3 Rb2+ 67. Kd1 Rb3 68. Rxb3 Kxb3 69. Kd2 Kc4 70. Kc2 d4 1/2-1/2

[Event "BL 0304 SV Wattenscheid - SC Kreuzberg"]
[Site "?"]
[Date "2004.03.07"]
[Round "10.7"]
[White "Volke, Karsten"]
[Black "Straeter, Timo"]
[Result "1-0"]
[WhiteElo "2467"]
[BlackElo "2335"]
[PlyCount "69"]
[EventDate "2004.??.??"]

1. Nf3 d5 2. c4 e6 3. g3 Nf6 4. Bg2 Be7 5. O-O O-O 6. b3 c5 7. d3 Nc6 8. Bb2 b6
9. Nc3 Bb7 10. cxd5 Nxd5 11. Nxd5 exd5 12. d4 Ba6 13. Re1 c4 14. bxc4 dxc4 15.
Qa4 Qc8 16. a3 b5 17. Qc2 Rd8 18. e4 Na5 19. d5 Nb3 20. Rad1 Bb7 21. Qc3 f6 22.
Nh4 Bd6 23. Nf5 Be5 24. Ne7+ Kf7 25. Nxc8 Bxc3 26. Bxc3 Bxc8 27. f4 a5 28. e5
Rb8 29. d6 f5 30. d7 Bb7 31. e6+ Ke7 32. Be5 Bxg2 33. Bd6+ Kf6 34. Kxg2 c3 35.
Bxb8 1-0

[Event "BL 0304 SV Wattenscheid - SC Kreuzberg"]
[Site "?"]
[Date "2004.03.07"]
[Round "10.8"]
[White "Thiel, Thomas"]
[Black "Loeffler, Stefan"]
[Result "0-1"]
[WhiteElo "2303"]
[BlackElo "2413"]
[PlyCount "80"]
[EventDate "2004.??.??"]

1. e4 Nf6 2. e5 Nd5 3. d4 d6 4. c4 Nb6 5. exd6 exd6 6. Nf3 Be7 7. h3 Bf6 8. Be2
O-O 9. O-O c5 10. d5 Bf5 11. Nc3 N8d7 12. g4 Bg6 13. h4 h5 14. g5 Bxc3 15. bxc3
Re8 16. Nd2 Bc2 17. Qxc2 Rxe2 18. Qd3 Qe7 19. a4 Nf8 20. a5 Nbd7 21. Qf3 Re8
22. Qxh5 Qe5 23. Nf3 Qe4 24. Nh2 Qxc4 25. Be3 Re4 26. Ra4 Qxa4 27. Qxe2 Rxh4
28. a6 bxa6 29. f4 Ng6 30. c4 Nb6 31. f5 Ne5 32. Bxc5 Qxc4 33. Qxc4 Nexc4 34.
Bf2 Rf4 35. Bg3 Rxf1+ 36. Kxf1 a5 37. Ke2 a4 38. Be1 Nxd5 39. Kd3 a3 40. Bf2
Nce3 0-1

[Event "BL 0304 Solinger SG - SFR Neukölln"]
[Site "?"]
[Date "2004.03.07"]
[Round "10.1"]
[White "Rogozenko, Dorian"]
[Black "Kasimdzhanov, Rustam"]
[Result "1/2-1/2"]
[WhiteElo "2517"]
[BlackElo "2668"]
[PlyCount "85"]
[EventDate "2004.??.??"]

1. d4 d5 2. c4 e6 3. Nc3 Be7 4. Nf3 Nf6 5. Bg5 h6 6. Bh4 O-O 7. e3 b6 8. Bd3
Nbd7 9. O-O Bb7 10. Qe2 dxc4 11. Bxc4 Ne4 12. Bg3 Nxc3 13. bxc3 Nf6 14. Rfd1
Ne4 15. Rac1 Ba3 16. Rc2 Bd6 17. Ba6 Qc8 18. Bxb7 Qxb7 19. c4 Bxg3 20. hxg3 c5
21. Ne5 Qc7 22. Qf3 Nf6 23. Qf4 Rad8 24. Rcd2 cxd4 25. exd4 Rfe8 26. Rd3 Nh7
27. c5 Nf6 28. Rc1 Nd5 29. cxb6 Qb7 30. Qf3 axb6 31. Rdc3 Rf8 32. Rc4 Ra8 33.
a4 Qe7 34. Qb3 h5 35. Nc6 Qg5 36. Ne5 Qe7 37. Nc6 Qg5 38. Ne5 g6 39. Rc6 Qd2
40. R6c4 Rfd8 41. Qf3 Rf8 42. Nd7 Rfd8 43. Ne5 1/2-1/2

[Event "BL 0304 Solinger SG - SFR Neukölln"]
[Site "?"]
[Date "2004.03.07"]
[Round "10.3"]
[White "Berndt, Stephan"]
[Black "Gabriel, Christian"]
[Result "0-1"]
[WhiteElo "2462"]
[BlackElo "2560"]
[PlyCount "57"]
[EventDate "2004.??.??"]

1. e4 e5 2. Nf3 Nc6 3. Bb5 a6 4. Ba4 Nf6 5. O-O Be7 6. Re1 b5 7. Bb3 d6 8. c3
O-O 9. h3 Nb8 10. d4 Nbd7 11. Nbd2 Bb7 12. a4 c5 13. Bc2 cxd4 14. cxd4 exd4 15.
Nxd4 bxa4 16. Rxa4 g6 17. Ra1 Rc8 18. Nf1 Re8 19. Bd2 Qb6 20. Ba5 Qa7 21. Ng3
d5 22. exd5 Bxd5 23. Bc3 Qb7 24. Bd3 Nc5 25. Bf1 Ra8 26. Rc1 Nce4 27. Nxe4 Nxe4
28. Qg4 h5 29. Qf4 0-1

[Event "BL 0304 Solinger SG - SFR Neukölln"]
[Site "?"]
[Date "2004.03.07"]
[Round "10.4"]
[White "Sadler, Matthew"]
[Black "Polzin, Rainer"]
[Result "1/2-1/2"]
[WhiteElo "2626"]
[BlackElo "2489"]
[PlyCount "146"]
[EventDate "2004.??.??"]

1. e4 c5 2. Nf3 d6 3. d4 cxd4 4. Nxd4 Nf6 5. Nc3 g6 6. Be2 Bg7 7. Nb3 Nc6 8.
Be3 a5 9. a4 Be6 10. f4 Rc8 11. O-O O-O 12. Bf2 Nb4 13. Bf3 Bc4 14. Re1 e5 15.
fxe5 dxe5 16. Nd2 Be6 17. Nf1 Qxd1 18. Bxd1 Nd7 19. Ne3 Nc5 20. g4 Bh6 21. Ned5
Bxd5 22. exd5 Rfd8 23. d6 Nd7 24. Re2 Bf8 25. Nb5 Rc6 26. c3 Nd3 27. Bh4 Rb8
28. Rd2 e4 29. Bg3 Bg7 30. Bb3 N7e5 31. Rf1 Rf8 32. Bd5 e3 33. Re2 Rc5 34. Nc7
Nxg4 35. d7 Nge5 36. Rxe3 Rxc7 37. Rxd3 Rxd7 38. Rdd1 Kh8 39. c4 Rfd8 40. Rde1
Nd3 41. Re2 Nxb2 42. Bh4 Rf8 43. Rb1 Nxa4 44. Rxb7 Rxb7 45. Bxb7 Nc3 46. Rd2 a4
47. Be7 Rb8 48. Rd7 Kg8 49. Kg2 Bf8 50. Bf6 Bb4 51. c5 a3 52. c6 a2 53. c7 Rf8
54. Bxc3 Bxc3 55. Rd1 a1=Q 56. Rxa1 Bxa1 57. c8=Q Rxc8 58. Bxc8 Kg7 59. h3 Kf6
60. Kf3 Ke5 61. Bd7 f5 62. Bc8 Bc3 63. Bd7 Be1 64. Bc8 Bh4 65. Bd7 Be7 66. Bc8
Bd8 67. Bd7 Bh4 68. Bc8 h5 69. Bd7 Kf6 70. Be8 Be1 71. Kg2 Kg5 72. Kf3 Kh6 73.
Bd7 Kg5 1/2-1/2

[Event "BL 0304 Solinger SG - SFR Neukölln"]
[Site "?"]
[Date "2004.03.07"]
[Round "10.5"]
[White "Borriss, Martin Dr"]
[Black "Werle, Jan"]
[Result "0-1"]
[WhiteElo "2445"]
[BlackElo "2409"]
[PlyCount "108"]
[EventDate "2004.??.??"]

1. e4 c5 2. Nf3 d6 3. d4 cxd4 4. Nxd4 Nf6 5. Nc3 Nc6 6. Bg5 e6 7. Qd2 a6 8.
O-O-O Bd7 9. f3 Be7 10. Be3 b5 11. g4 Nxd4 12. Bxd4 h6 13. Kb1 b4 14. Ne2 Qa5
15. b3 Bc6 16. Bb2 Qb6 17. Nd4 Bb7 18. h4 d5 19. e5 Nd7 20. f4 Nc5 21. Bd3 Ne4
22. Bxe4 dxe4 23. Qe3 O-O-O 24. Rh2 Rd7 25. h5 Rhd8 26. Rhd2 f6 27. exf6 gxf6
28. Qe1 Bc5 29. Ne2 Rxd2 30. Rxd2 e3 31. Rd1 Rxd1+ 32. Qxd1 Qd6 33. Qxd6 Bxd6
34. Bxf6 Bf3 35. g5 Bf8 36. Nd4 Bxh5 37. Kc1 Kd7 38. gxh6 Bxh6 39. Be5 Bf8 40.
c3 bxc3 41. Nc2 e2 42. Bxc3 Bd6 43. Bd2 Kc6 44. Nb4+ Kc5 45. a4 Bg6 46. Nc2 Kd5
47. Kb2 Ke4 48. Ne1 Bxf4 49. Kc3 e5 50. Nd3 Kf3 51. Ne1+ Kf2 52. b4 Bxd2+ 53.
Kxd2 e4 54. Ng2 e3+ 0-1

[Event "BL 0304 Solinger SG - SFR Neukölln"]
[Site "?"]
[Date "2004.03.07"]
[Round "10.6"]
[White "Hoffmann, Michael"]
[Black "Thiede, Lars"]
[Result "1-0"]
[WhiteElo "2430"]
[BlackElo "2440"]
[PlyCount "119"]
[EventDate "2004.??.??"]

1. d4 g6 2. Nf3 Bg7 3. c4 Nf6 4. g3 O-O 5. Bg2 d6 6. O-O Nbd7 7. Nc3 e5 8. e4
a6 9. h3 b5 10. Qc2 Bb7 11. dxe5 dxe5 12. Be3 c6 13. c5 Qc7 14. b4 a5 15. a3
Rfd8 16. Rfd1 Nf8 17. Rxd8 Rxd8 18. Rd1 Ne8 19. Ne2 a4 20. Bf1 Bc8 21. Nc3 Be6
22. Rxd8 Qxd8 23. h4 Bg4 24. Nh2 Be6 25. Nf3 Qc8 26. Nd2 Bd7 27. Kh2 Nf6 28. f3
Ne6 29. Ne2 Ne8 30. Qd3 h6 31. Bh3 Nf6 32. Ng1 Ne8 33. Ne2 N8c7 34. Ng1 Nd4 35.
Bxd4 exd4 36. Bxd7 Qxd7 37. f4 f5 38. e5 Qd5 39. Ne2 Ne6 40. h5 gxh5 41. Qxf5
Qa2 42. Qd3 Qa1 43. f5 Ng5 44. f6 Qe1 45. Kg2 Bf8 46. Nf3 Nxf3 47. Kxf3 Qf1+
48. Ke4 Qh1+ 49. Qf3 Qb1+ 50. Kxd4 Qa2 51. Ke4 Qb1+ 52. Qd3 Qh1+ 53. Ke3 Qa1
54. Kf4 Qf1+ 55. Qf3 Qd1 56. Kf5 Qc2+ 57. Qe4 Qd2 58. Nf4 Qd1 59. e6 Qg4+ 60.
Ke5 1-0

[Event "BL 0304 Solinger SG - SFR Neukölln"]
[Site "?"]
[Date "2004.03.07"]
[Round "10.7"]
[White "Schwarz, Michael"]
[Black "Emms, John M"]
[Result "1/2-1/2"]
[WhiteElo "2409"]
[BlackElo "2520"]
[PlyCount "44"]
[EventDate "2004.??.??"]

1. Nf3 c5 2. g3 g6 3. Bg2 Bg7 4. O-O Nc6 5. c4 e6 6. Nc3 Nge7 7. d3 O-O 8. Rb1
b6 9. a3 Bb7 10. Bd2 d5 11. cxd5 Nxd5 12. Nxd5 Qxd5 13. Bc3 Nd4 14. Bxd4 Bxd4
15. Ne1 Qd7 16. Bxb7 Qxb7 17. Nf3 Rfd8 18. Qd2 Bg7 19. Rfc1 Rd5 20. Qe3 Rad8
21. Rc4 Qa6 22. a4 Qb7 1/2-1/2

[Event "BL 0304 Solinger SG - SFR Neukölln"]
[Site "?"]
[Date "2004.03.07"]
[Round "10.8"]
[White "Schaefer, Markus"]
[Black "Rudolf, Henrik"]
[Result "1-0"]
[WhiteElo "2374"]
[BlackElo "2316"]
[PlyCount "151"]
[EventDate "2004.??.??"]

1. e4 d6 2. d4 Nf6 3. Nc3 g6 4. f4 Bg7 5. Nf3 c5 6. e5 Nfd7 7. exd6 O-O 8. Be3
exd6 9. Qd2 Nc6 10. O-O-O Qa5 11. a3 Nf6 12. Nb5 Qxd2+ 13. Rxd2 Nd5 14. Bf2
cxd4 15. g3 Ne3 16. Nfxd4 Bxd4 17. Nxd4 Nxf1 18. Rxf1 d5 19. Nb5 Be6 20. Nc7
Rac8 21. Nxd5 Rfd8 22. Rfd1 Kg7 23. Nc3 Rxd2 24. Rxd2 a6 25. Bb6 Re8 26. Re2
Rc8 27. Nd1 h5 28. Ne3 Ne7 29. Rd2 Nc6 30. Kb1 Re8 31. b3 Bh3 32. Kb2 Re4 33.
c4 h4 34. Kc3 Re8 35. g4 Re4 36. Rf2 f5 37. g5 Bg4 38. b4 Bh5 39. Kd3 Re6 40.
Nd5 Ne7 41. Bd4+ Kf7 42. Ne3 Re4 43. Bf6 Nc6 44. b5 axb5 45. cxb5 Na5 46. Be5
Ra4 47. Bd6 Nb3 48. Bb4 Ra8 49. Nc4 Rd8+ 50. Nd6+ Ke6 51. Kc3 Na5 52. Rd2 Rd7
53. Rd3 Rc7+ 54. Kd2 Nc4+ 55. Nxc4 Rxc4 56. Rd6+ Kf7 57. Rd7+ Ke6 58. Rxb7 Rxf4
59. Re7+ Kd5 60. b6 Kc6 61. Re6+ Kb7 62. Bc5 Re4 63. Rf6 Re2+ 64. Kc3 Bf3 65.
Rf7+ Ka6 66. Ra7+ Kb5 67. Bg1 Re8 68. a4+ Kc6 69. Rg7 Re1 70. Rc7+ Kd6 71. Bc5+
Kd5 72. b7 Rb1 73. Bb4 Rc1+ 74. Kd2 Rxc7 75. b8=Q Rc6 76. Qb5+ 1-0

[Event "BL 0304 SG Köln Porz - Hamburger SK"]
[Site "?"]
[Date "2004.03.06"]
[Round "10.1"]
[White "Ftacnik, Lubomir"]
[Black "Lutz, Christopher"]
[Result "1/2-1/2"]
[WhiteElo "2585"]
[BlackElo "2613"]
[PlyCount "75"]
[EventDate "2004.??.??"]

1. d4 Nf6 2. c4 e6 3. g3 d5 4. Nf3 Be7 5. Bg2 O-O 6. O-O dxc4 7. Qc2 a6 8. a4
Bd7 9. Qxc4 Bc6 10. Bg5 Bd5 11. Qc2 Be4 12. Qd1 c5 13. dxc5 Bxc5 14. Nbd2 Bc6
15. Nb3 Bb4 16. Qxd8 Rxd8 17. Ne5 Bxg2 18. Kxg2 h6 19. Bxf6 gxf6 20. Nd3 Nc6
21. Rfc1 a5 22. Nxb4 Nxb4 23. Rc7 b6 24. Rac1 Nd5 25. Rb7 Rdb8 26. Rxb8+ Rxb8
27. Nd4 f5 28. Rc4 Rd8 29. Nc6 Rd6 30. Ne5 Rd8 31. Rc6 Kg7 32. b3 Kf6 33. f4
Ke7 34. Rc1 Rg8 35. Kf3 h5 36. Nc6+ Kd6 37. Ne5 Ke7 38. Nc6+ 1/2-1/2

[Event "BL 0304 SG Köln Porz - Hamburger SK"]
[Site "?"]
[Date "2004.03.06"]
[Round "10.2"]
[White "Van Wely, Loek"]
[Black "Kempinski, Robert"]
[Result "1/2-1/2"]
[WhiteElo "2654"]
[BlackElo "2561"]
[PlyCount "47"]
[EventDate "2004.??.??"]

1. d4 Nf6 2. c4 g6 3. Nc3 Bg7 4. e4 O-O 5. Be2 d6 6. Nf3 e5 7. O-O Qe8 8. Re1
exd4 9. Nxd4 Nxe4 10. Nd5 Qd8 11. Bf3 Nxf2 12. Kxf2 Qh4+ 13. Kf1 Bxd4 14. g3
Qh3+ 15. Bg2 Qf5+ 16. Bf4 Nc6 17. Nxc7 Be6 18. Rc1 Rac8 19. Nxe6 fxe6 20. Bxc6
bxc6 21. Qxd4 e5 22. Qxd6 exf4 23. Kg1 fxg3 24. Qxg3 1/2-1/2

[Event "BL 0304 SG Köln Porz - Hamburger SK"]
[Site "?"]
[Date "2004.03.06"]
[Round "10.3"]
[White "Hansen, Sune Berg"]
[Black "Beliavsky, Alexander G"]
[Result "0-1"]
[WhiteElo "2551"]
[BlackElo "2667"]
[PlyCount "52"]
[EventDate "2004.??.??"]

1. e4 e5 2. Nf3 Nc6 3. Bb5 a6 4. Ba4 Nf6 5. O-O b5 6. Bb3 Bb7 7. c3 Nxe4 8. d4
Na5 9. Nxe5 Nxb3 10. Qxb3 Nd6 11. a4 Be7 12. Re1 O-O 13. Nd2 Rb8 14. axb5 axb5
15. Nf1 Re8 16. Bf4 Bf8 17. Ra7 Nc4 18. Nd3 Bd5 19. Qd1 Rxe1 20. Qxe1 Ra8 21.
Qa1 Rxa7 22. Qxa7 Qe8 23. f3 Qe2 24. Nc5 Nxb2 25. h3 Nd1 26. Bg3 Bc4 0-1

[Event "BL 0304 SG Köln Porz - Hamburger SK"]
[Site "?"]
[Date "2004.03.06"]
[Round "10.5"]
[White "Bezold, Michael"]
[Black "Gurevich, Mikhail"]
[Result "1/2-1/2"]
[WhiteElo "2456"]
[BlackElo "2656"]
[PlyCount "77"]
[EventDate "2004.??.??"]

1. c4 Nf6 2. Nf3 c6 3. Nc3 d5 4. e3 e6 5. b3 Nbd7 6. Bb2 Bd6 7. Be2 O-O 8. O-O
b6 9. d4 Bb7 10. Qc2 Qe7 11. e4 Nxe4 12. Nxe4 dxe4 13. Qxe4 Nf6 14. Qh4 c5 15.
Rad1 Rfd8 16. d5 exd5 17. Bxf6 Qxf6 18. Qxf6 gxf6 19. cxd5 Bf8 20. Bc4 a6 21.
a4 Rab8 22. Nh4 Bc8 23. Bd3 b5 24. axb5 axb5 25. Rfe1 c4 26. bxc4 bxc4 27. Bxc4
Rb4 28. Rc1 Bh6 29. f4 Bxf4 30. Rc2 Bb8 31. g3 Ba7+ 32. Kg2 Bb7 33. Ba2 Ra4 34.
Kh3 Kf8 35. Rf1 Bc8+ 36. Kg2 Bb7 37. Kh3 Bc8+ 38. Kg2 Bb7 39. Kh3 1/2-1/2